LEADER 04664nam2 2200577 i 450 001 BVEE016244 005 20170908093203.0 012 $aura- a-,q t.os hipo (3) 1570 (R)$2fei$9Vol. 13 100 $a20050226d1570 ||||0itac50 ba 101 | $alat 102 $ait 181 1$6z01$ai $bxxxe 182 1$6z01$an 200 1 $a˜13: œTomus tertiusdecimus. D. Thomae Aquinatis doctoris angelici complectens Expositionem in Iob, in primam Dauidis quinquagenam, in Canticum Canticorum, in Esaiam, Ieremiam, & in Threnos ... 210 $aRomae$d1570$eRomae$gapud Iulium Accoltum$h1570 215 $a 2], 49, 1], 80, 51, 1], 39, 1] c.$c1 ritr.$dfol 300 $aMarca tipogr. (Z145) a c. F10v, a c. G3v della penultima sequenza e in fine 300 $a Segn.: pi greco2 A-E8F10, 2A-K8, 3A-F8G4, 4A-E8 300 $aSul front., entro cornice ritr. di Tommaso d'Aquino, stemma di Pio V e del card. Vincenzo Giustiniani. 316 $aVOL. 13$5IT-NA0001, ANTICO 5.E 15 316 $aVOL. 13$5IT-NA0001, ANTICO 5.E 15 316 $av. 13. - Timbro RB e nota ms.: Domus p[ro]fessa Neapolitana Catal. in.$5IT-NA0079, SALA FARN.08. E 0014 316 $av. 13. - Sul front. nota ms. in calce e tre timbri di provenienza "Bibliotheca Conventus S. Dominici Majoris" (uno ovale e due tondi).$5IT-NA0070, Z.D. 0229 316 $av. 13$5IT-NA0070, Z.D. 0229 316 $avol. 13$5IT-CE0009, SALA F F.2 2.12 316 $av. 13.$5IT-NA0075, A 32 0140 461 1$1001BVEE016213$12001 $a˜Diui Thomae Aquinatis ... œOpera omnia$v13 620 $aIT$dRoma$3LO1L002924 700 0$aTommaso : d'Aquino$c $3CFIV008124$4070$0290144 712 02$aAccolti, Giulio$3BVEV018372$4650 790 0$aTommaso d'Aquino$c $3CFIV009247$zTommaso : d'Aquino 790 0$aTommaso$c $3CFIV167024$zTommaso : d'Aquino 790 0$aTomasz z Akwinu$3IEIV108913$zTommaso : d'Aquino 790 0$aThomas : de Aquino$c $3MILV209402$zTommaso : d'Aquino 790 0$aThomas : Aquinas$c $3PUVV203880$zTommaso : d'Aquino 791 02$aBolano degli Accolti, Giulio$3BVEV020192$zAccolti, Giulio 791 02$aAccolto, Giulio$3CFIV289224$zAccolti, Giulio 801 3$aIT$bIT-NA0079$c20050226 850 $aIT-NA0001$aIT-NA0079$aIT-NA0070$aIT-CE0009$aIT-NA0075 899 1$aBiblioteca Nazionale Vittorio Emanuele III$bNA0079$eS$uhttp://books.google.com/books?vid=IBNN:BNANT001740714 912 $aBVEE016244 921 $aBVEM000214$bAquila che guida un aquilotto verso il sole. Motto: Sic crede.$cZ145$dA c. F10v, a c. G3v penultima sequenza e in fine 950 2$aBiblioteca Conventuale Sant'Antonio di Afragola$c1 V.$d 72ANTICO 5.E 15$e 72 0000018425 B (13 VOL. 13$fZ $h20120510$i20120510$c1 V.$d 72ANTICO 14.F 11$e 72 0000019055 B VOL. 13$fZ $h20120515$i20120515 950 2$aBiblioteca Nazionale Vittorio Emanuele III$cv. 13.$d BNSALA FARN.08. E 0014$e BNANT0017407145 B v. 13. - Timbro RB e nota ms.: Domus p[ro]fessa Neapolitana Catal. in.$fC $h20050223$i20050223 950 2$aBiblioteca Universitaria$cv. 1-18$d BUZ.D. 0229$e BUSI 0000227085 B 0013 v. 13. - Sul front. nota ms. in calce e tre timbri di provenienza "Bibliotheca Conventus S. Dominici Majoris" (uno ovale e due tondi).$fZ $h20111129$i20111129$cv. 1-18$d BUA 020 06$e BUSI 0000255285 B 0013 v. 13$fZ $h20130312$i20130312 950 2$aBiblioteca Arcivescovile Cardinale Francesco Serra di Cassano$c1 v.$d CMSALA F F.2 2.12$e CM 0000149755 B vol. 13$fZ $h20141007$i20141007 950 2$aBiblioteca statale oratoriana dei Girolamini$c14 v.$d GEA 32 0140$e GE 0000023075 B 0013 v. 13.$fN $h20120323$i20120323 956 $aBiblioteca Nazionale Vittorio Emanuele III$b1$cBNTD$d$eBNANT001740714$uhttp://books.google.com/books?vid=IBNN:BNANT001740714$z BNSALA FARN.08. E 0014 977 $a 72$a BN$a BU$a CM$a GE 996 $aTomus tertiusdecimus. D. Thomae Aquinatis doctoris angelici complectens Expositionem in Iob, in primam Dauidis quinquagenam, in Canticum Canticorum, in Esaiam, Ieremiam, & in Threnos ..$91479903 997 $aUNISANNIO